Tekst piosenki- Down Under (Men at work) - Statystyki

Ogólne statystyki
  • Ten quiz został rozwiązany 9 razy
  • Średni wynik to 13 z 24
Statystyki odpowiedzi
Tekst Brakujący tekst % Poprawnych
Can't you hear, can't you hear the _______? thunder
100%
can't you hear, can't you hear the _______? thunder
100%
Can't you hear, can't you hear the _______? thunder
100%
And she said: " ________ from a land Down Under Do you come
75%
She took me in, and ________ gave me breakfast
75%
I met a _______, she made me nervous strange lady
75%
You better run, _______ cover! you better take
75%
you better run ________ cover! yeah you better take
75%
six- foot- four, ______ muscle and full of
50%
I said "_______ -a my language?" Do you speak
50%
And he said "_______ a land Down Under" I come from
50%
He _______ and gave me a Vegemite sandwich just smiled
50%
"Because I come from the _______" land of plenty
50%
Where women glow and _______ men plunder
50%
where women glow and ________ men plunder
50%
You better run, you better ________ take cover
50%
I said to the man: " ________ tempt me?" are you trying to
25%
where _______ and men chunder beer does flow
25%
Traveling in a ________Kombi fried-out
25%
Buying bread _______ in Brussels from a man
25%
on a hippie trail_________zombies head full of
25%
And he said:" Oh, do you come from the _______?" land Down Under
25%
_______ in a den in Bombay Lying
25%
with a slack jaw, and _______ no much to say
25%
Nie znaleziono quizów pasujących do podanych kryteriów
Rozkład punktacji
Procent ludzi z każdym wynikiem
Percentyl według liczby udzielonych odpowiedzi
Twoja historia wyników
Nie rozwiązałeś tego quizu